000 00586nam a2200229Ia 4500
003 OSt
005 20220918231326.0
006 a|||||r|||| 00| 0
007 ta
008 220917b |||||||| |||| 00| 0 eng d
024 _a278,565
037 _cTextual
040 _aARTS
_cARTS
_beng
041 _2eng
_aeng
082 _aO111,1N34:g, K8
100 _aKohli Devindra
_954742
245 0 _aVirgin whiteness
_b Poetry of Kamala Das
260 _c1968
300 _a28p.
_ccm.
942 _hO111,1N34:g, K8
_cTEXL
_2CC
999 _c290597
_d290597